Normal view
MARC view
- An Introduction to Mixed-Signal IC Test and measurement
Entry Topical Term
001 - CONTROL NUMBER
- control field: 125791
003 - CONTROL NUMBER IDENTIFIER
- control field: NUST
005 - DATE AND TIME OF LATEST TRANSACTION
- control field: 20240911135650.0
008 - FIXED-LENGTH DATA ELEMENTS
- fixed length control field: 240911|| aca||aabn | a|a d
040 ## - CATALOGING SOURCE
- Original cataloging agency: NUST
- Transcribing agency: NUST
150 ## - HEADING--TOPICAL TERM
- Topical term or geographic name entry element: An Introduction to Mixed-Signal IC Test and measurement
670 ## - SOURCE DATA FOUND
- Source citation: Work cat.: (NUST): Mark Burns 125790, An Introduction to Mixed-Signal IC Test and measurement , 2001.
